[Event "Titled Tuesday intern op 12th Mar Early"]
[Site "Chess.com INT"]
[Date "2024.03.12"]
[Round "11"]
[White "Demchenko, Anton"]
[Black "Bordi, Kevin Claude"]
[Result "0-1"]
[WhiteElo "2609"]
[BlackElo "2288"]
[PlyCount "118"]
[EventDate "2024.03.12"]
[EventType "swiss (blitz)"]
[EventRounds "11"]
[EventCountry "USA"]
[SourceTitle "CB12_2024"]
[SourceDate "2023.10.01"]
[SourceVersion "1"]
[SourceVersionDate "2023.10.01"]
[SourceQuality "1"]

1. e4 c5 2. Nc3 d6 3. Bb5+ Bd7 4. a4 g6 5. f4 Bg7 6. Nf3 Nc6 7. 0-0 Nd4 8. d3 e6 9. Be3 Ne7 10. Bxd4 cxd4 11. Ne2 Bxb5 12. axb5 0-0 13. Kh1 Qb6 14. c4 dxc3 15. Nxc3 a6 16. bxa6 Qxb2 17. axb7 Rxa1 18. Qxa1 Qxc3 19. Qxc3 Bxc3 20. Rb1 Rb8 21. g4 d5 22. Kg2 Kg7 23. g5 Nc6 24. Rc1 d4 25. Nxd4 Nxd4 26. Rxc3 Rxb7 27. Rc4 Rb2+ 28. Kg3 Nb5 29. h4 Rb3 30. Kg4 Rxd3 31. h5 gxh5+ 32. Kxh5 Rh3+ 33. Kg4 Re3 34. f5 Nd6 35. Rc6 Rxe4+ 36. Kf3 Rd4 37. fxe6 fxe6 38. Rc7+ Kg6 39. Re7 Kxg5 40. Rxe6 Nf5 41. Re8 Rd3+ 42. Kg2 h5 43. Re5 Kf4 44. Ra5 Kg4 45. Ra4+ Nd4 46. Ra5 Rd2+ 47. Kf1 h4 48. Ra8 Nf3 49. Rg8+ Ng5 50. Rh8 h3 51. Kg1 Nf3+ 52. Kf1 h2 53. Rg8+ Ng5 54. Rh8 Nh3 55. Rg8+ Kf5 56. Rf8+ Kg6 57. Rg8+ Kf7 58. Ke1 h1Q+ 59. Kxd2 Kxg8 0-1

[Event "Titled Tuesday intern op 14th Nov Early"]
[Site "Chess.com INT"]
[Date "2023.11.14"]
[Round "3"]
[White "Nasir, Zehn"]
[Black "Bordi, Kevin Claude"]
[Result "1/2-1/2"]
[WhiteElo "2057"]
[BlackElo "2288"]
[PlyCount "88"]
[EventDate "2023.11.14"]
[EventType "swiss (blitz)"]
[EventRounds "11"]
[EventCountry "USA"]
[SourceTitle "CB47_2023"]
[SourceDate "2023.11.22"]
[SourceVersion "1"]
[SourceVersionDate "2023.11.22"]
[SourceQuality "1"]

1. d4 d5 2. Bf4 Nf6 3. e3 c5 4. c3 Nc6 5. Nd2 Bf5 6. Qb3 Qb6 7. dxc5 Qxb3 8. Nxb3 e5 9. Bg3 Ne4 10. Bb5 f6 11. 0-0-0 0-0-0 12. Bd3 h5 13. f3 Nxg3 14. hxg3 Bxd3 15. Rxd3 g6 16. Ne2 Rh7 17. g4 h4 18. Rhd1 Rhd7 19. Rh1 Rh7 20. Rhd1 Rhd7 21. Rh1 Bh6 22. Rxh4 Bg5 23. Rh1 e4 24. fxe4 dxe4 25. Rxd7 Rxd7 26. Nf4 Ne5 27. Rh8+ Rd8 28. Rxd8+ Kxd8 29. Ne6+ Kd7 30. Nxg5 fxg5 31. Nd2 Nxg4 32. Nxe4 Nxe3 33. g3 g4 34. Kd2 Nc4+ 35. Kc2 Kc6 36. b3 Ne5 37. b4 Kd5 38. Nd6 b6 39. cxb6 axb6 40. Nc8 b5 41. Na7 Kc4 42. Nc8 Kd5 43. Na7 Kc4 44. Nc8 Kd5 1/2-1/2

[Event "Titled Tuesday intern op 24th Oct Late"]
[Site "Chess.com INT"]
[Date "2023.10.24"]
[Round "4"]
[White "Bordi, Kevin Claude"]
[Black "Niemann, Hans Moke"]
[Result "0-1"]
[WhiteElo "2288"]
[BlackElo "2667"]
[PlyCount "30"]
[EventDate "2023.10.24"]
[EventType "swiss (blitz)"]
[EventRounds "11"]
[EventCountry "USA"]
[SourceTitle "Mega2024 Update 01"]
[Source "Chessbase"]
[SourceDate "2023.11.12"]
[SourceVersion "1"]
[SourceVersionDate "2023.11.12"]
[SourceQuality "1"]

1. d4 Nf6 2. Bg5 d5 3. Nd2 c5 4. e3 cxd4 5. exd4 Qb6 6. Ngf3 Nc6 7. c4 e6 8. Bxf6 gxf6 9. cxd5 exd5 10. Be2 Rg8 11. 0-0 Bh3 12. Ne1 Nxd4 13. Ndf3 Nxe2+ 14. Qxe2+ Be7 15. Nd3 Bxg2 0-1

[Event "Titled Tuesday intern op 04th Jul Late"]
[Site "Chess.com INT"]
[Date "2023.07.04"]
[Round "1"]
[White "Bordi, Kevin Claude"]
[Black "Baches Garcia, Guillermo"]
[Result "1/2-1/2"]
[WhiteElo "2288"]
[BlackElo "2327"]
[PlyCount "128"]
[EventDate "2023.07.04"]
[EventType "swiss (blitz)"]
[EventRounds "11"]
[EventCountry "USA"]
[SourceTitle "EXT 2024"]
[Source "ChessBase"]
[SourceDate "2023.10.10"]
[SourceVersion "1"]
[SourceVersionDate "2023.10.10"]
[SourceQuality "1"]

1. e4 d5 2. exd5 Qxd5 3. Nc3 Qa5 4. b4 Qxb4 5. Rb1 Qd6 6. Nf3 Nf6 7. d4 c6 8. Rb3 g6 9. Ba3 Qc7 10. d5 cxd5 11. Nxd5 Nxd5 12. Qxd5 Bg7 13. Re3 Be6 14. Qb5+ Nc6 15. Ng5 0-0 16. Nxe6 fxe6 17. Bd3 Nd4 18. Qg5 Qc3+ 19. Kf1 Qxa3 20. Re1 Qd6 21. h4 Qf4 22. Qxf4 Rxf4 23. h5 g5 24. h6 Bf6 25. c3 Nf5 26. Rh3 g4 27. Rh2 g3 28. Rh3 Rxf2+ 29. Kg1 Bxc3 30. Rxe6 Bd4 31. Kh1 Rc8 32. Re1 Be5 33. Rh5 e6 34. Rg5+ Kf7 35. Rg4 Bf6 36. Rge4 Rd8 37. Bc4 Nd4 38. Rd1 Rc8 39. Bd3 Rc5 40. Rg4 Nf5 41. Re1 Rd5 42. Bc4 Rd6 43. Bb3 Rfd2 44. Rge4 Nd4 45. Ba4 b5 46. Bd1 Nf5 47. Bh5+ Ke7 48. Bg4 Kd7 49. Rf1 R6d4 50. Bf3 Rxe4 51. Bxe4 Bg5 52. Rb1 Be3 53. Bf3 Bf2 54. Rxb5 Rxa2 55. Rb7+ Kd6 56. Rb1 a5 57. Be4 Ke5 58. Bxf5 exf5 59. Rb5+ Ke6 60. Re5+ Kd6 61. Rd5+ Kc6 62. Rc5+ Kb6 63. Rb5+ Ka6 64. Rxa5+ Rxa5 1/2-1/2

[Event "Titled Tuesday intern op 04th Jul Late"]
[Site "Chess.com INT"]
[Date "2023.07.04"]
[Round "3"]
[White "Bordi, Kevin Claude"]
[Black "Mizzi, Jack"]
[Result "1-0"]
[WhiteElo "2288"]
[BlackElo "1986"]
[PlyCount "97"]
[EventDate "2023.07.04"]
[EventType "swiss (blitz)"]
[EventRounds "11"]
[EventCountry "USA"]
[SourceTitle "EXT 2024"]
[Source "ChessBase"]
[SourceDate "2023.10.10"]
[SourceVersion "1"]
[SourceVersionDate "2023.10.10"]
[SourceQuality "1"]

1. d4 Nf6 2. Bg5 e6 3. e4 h6 4. Bxf6 Qxf6 5. c3 d5 6. Nd2 b6 7. Bd3 Bb7 8. Ngf3 dxe4 9. Nxe4 Qd8 10. Qa4+ Qd7 11. Qc2 Nc6 12. Bb5 a6 13. Ne5 Nxe5 14. Bxd7+ Nxd7 15. 0-0 Be7 16. f4 0-0 17. f5 exf5 18. Rxf5 Rfe8 19. Raf1 Nf6 20. Nxf6+ Bxf6 21. d5 Rad8 22. c4 Bd4+ 23. Kh1 Re7 24. Qd2 Be3 25. Qc3 Rde8 26. h3 Bc8 27. R5f3 f6 28. Qd3 Bc5 29. Qg6 Kh8 30. Qh5 Re5 31. Qg6 R5e7 32. a3 a5 33. Rg3 Bd6 34. Rgf3 Bc5 35. Qb1 a4 36. Qc2 Bd7 37. Qc3 Re2 38. Rxf6 R8e3 39. Rf8+ Bxf8 40. Rxf8+ Kh7 41. Qd4 Re4 42. Qd3 R2e3 43. Qd2 Re2 44. Qc3 R2e3 45. Qb4 Re1+ 46. Kh2 Rc1 47. Rf7 Be8 48. Re7 Rcxc4 49. Rxe4 1-0

[Event "Titled Tuesday intern op 20th Jun Late"]
[Site "Chess.com INT"]
[Date "2023.06.20"]
[Round "5"]
[White "Bordi, Kevin Claude"]
[Black "Rasulov, Vugar Ural Oglu"]
[Result "1/2-1/2"]
[WhiteElo "2288"]
[BlackElo "2526"]
[PlyCount "86"]
[EventDate "2023.06.20"]
[EventType "swiss (blitz)"]
[EventRounds "11"]
[EventCountry "USA"]
[SourceTitle "EXT 2024"]
[Source "ChessBase"]
[SourceDate "2023.10.10"]
[SourceVersion "1"]
[SourceVersionDate "2023.10.10"]
[SourceQuality "1"]

1. e4 e5 2. Nf3 Nc6 3. d4 exd4 4. Nxd4 Qf6 5. c3 Bc5 6. Be3 Nge7 7. g3 d5 8. Bg2 Bxd4 9. cxd4 dxe4 10. Nc3 0-0 11. Nxe4 Qg6 12. 0-0 Bg4 13. Qb3 b6 14. Rac1 Rad8 15. Qa3 Nd5 16. Nc3 Be6 17. Nb5 Bf5 18. Nxc7 Be4 19. Nxd5 Bxd5 20. Bxd5 Rxd5 21. Qa4 Rd6 22. Bf4 Nxd4 23. Bxd6 Qe4 24. Qxd4 Qxd4 25. Bxf8 Kxf8 26. Rc7 a5 27. Re1 g6 28. Ree7 Qd1+ 29. Kg2 Qd5+ 30. Kg1 Qxa2 31. h4 a4 32. Ra7 Qb3 33. Reb7 b5 34. g4 Qc4 35. g5 Kg7 36. Rc7 Qb3 37. Rd7 b4 38. Ra8 Qe6 39. Rdd8 Qg4+ 40. Kf1 Qh3+ 41. Kg1 Qg4+ 42. Kf1 Qc4+ 43. Kg1 Qg4+ 1/2-1/2

[Event "Titled Tuesday intern op 13th Jun Late"]
[Site "Chess.com INT"]
[Date "2023.06.13"]
[Round "7"]
[White "Hansen, Eric"]
[Black "Bordi, Kevin Claude"]
[Result "1-0"]
[WhiteElo "2609"]
[BlackElo "2288"]
[PlyCount "79"]
[EventDate "2023.06.13"]
[EventType "swiss (blitz)"]
[EventRounds "11"]
[EventCountry "USA"]
[SourceTitle "EXT 2024"]
[Source "ChessBase"]
[SourceDate "2023.10.10"]
[SourceVersion "1"]
[SourceVersionDate "2023.10.10"]
[SourceQuality "1"]

1. c4 c6 2. Nf3 d5 3. e3 Nf6 4. d4 Bf5 5. Nc3 e6 6. Nh4 Be4 7. f3 Bg6 8. Bd2 Qb6 9. Nxg6 hxg6 10. Qc2 Nbd7 11. 0-0-0 0-0-0 12. Be2 Kb8 13. Kb1 Ka8 14. f4 dxc4 15. Bxc4 Ng4 16. Ne4 Ndf6 17. Ng5 Qc7 18. Bc1 Nd5 19. Qe2 Nh6 20. g3 Be7 21. Nf3 Qb6 22. Ka1 Bf6 23. a3 c5 24. e4 Nc7 25. dxc5 Qxc5 26. Ka2 Ng4 27. h3 Rxd1 28. Rxd1 Rxh3 29. e5 Be7 30. Rd7 Rh1 31. Bd2 b5 32. Bb3 Kb8 33. Ba5 Qc1 34. Bc2 Bxa3 35. Bxc7+ Kc8 36. Be4 Qa1+ 37. Kb3 Bc5 38. Rd8+ Kxc7 39. Rd7+ Kc8 40. Qxb5 1-0

[Event "Titled Tuesday intern op 16th May Late"]
[Site "Chess.com INT"]
[Date "2023.05.16"]
[Round "6"]
[White "Bordi, Kevin Claude"]
[Black "Schnaider, Ilan"]
[Result "1/2-1/2"]
[WhiteElo "2288"]
[BlackElo "2218"]
[PlyCount "98"]
[EventDate "2023.05.16"]
[EventType "swiss (blitz)"]
[EventRounds "11"]
[EventCountry "USA"]
[SourceTitle "CBM 214 Extra"]
[Source "ChessBase"]
[SourceDate "2023.07.31"]
[SourceVersion "1"]
[SourceVersionDate "2023.07.31"]
[SourceQuality "1"]

1. e4 e5 2. Nf3 Nc6 3. d4 exd4 4. Nxd4 Nf6 5. Nxc6 bxc6 6. e5 Qe7 7. Qe2 Nd5 8. c4 Ba6 9. b3 g6 10. g3 Bg7 11. Bb2 0-0 12. Bg2 Rae8 13. 0-0 Bxe5 14. Qxe5 Qxe5 15. Bxe5 Rxe5 16. cxd5 Bxf1 17. Kxf1 cxd5 18. Nd2 c6 19. Rc1 Rfe8 20. Bf3 a5 21. h4 h5 22. a4 Kf8 23. Bd1 Ke7 24. Nf3 Re4 25. Rc5 Ra8 26. Ng5 Rd4 27. Ke2 Kd6 28. Rc1 Re8+ 29. Kf1 f6 30. Nf3 Rd3 31. Be2 Rxb3 32. Bd1 Rb4 33. Ne1 Reb8 34. Bc2 Rc4 35. Rd1 f5 36. Rd2 Rb2 37. Re2 Rc3 38. Rd2 c5 39. Ke2 Ra3 40. Nd3 Rba2 41. Nc1 Rb2 42. Nd3 Rb6 43. Nf4 d4 44. Nxg6 Rb2 45. Nf4 Raa2 46. Kd1 Ra1+ 47. Ke2 Raa2 48. Kd1 Ra1+ 49. Ke2 Raa2 1/2-1/2

[Event "Titled Tuesday intern op 16th May Late"]
[Site "Chess.com INT"]
[Date "2023.05.16"]
[Round "5"]
[White "Matinian, Nikita"]
[Black "Bordi, Kevin Claude"]
[Result "1-0"]
[WhiteElo "2407"]
[BlackElo "2288"]
[PlyCount "77"]
[EventDate "2023.05.16"]
[EventType "swiss (blitz)"]
[EventRounds "11"]
[EventCountry "USA"]
[SourceTitle "CBM 214 Extra"]
[Source "ChessBase"]
[SourceDate "2023.07.31"]
[SourceVersion "1"]
[SourceVersionDate "2023.07.31"]
[SourceQuality "1"]

1. e4 d5 2. exd5 Qxd5 3. Nc3 Qa5 4. Nf3 Nf6 5. d4 c6 6. Bd2 Bf5 7. Bc4 e6 8. Qe2 Bb4 9. a3 Nbd7 10. 0-0 Bxc3 11. Bxc3 Qc7 12. b4 0-0 13. Bb3 Bg4 14. h3 Bh5 15. g4 Bg6 16. Ne5 Nxe5 17. dxe5 Nd5 18. Bd2 c5 19. f4 c4 20. Bxc4 Bxc2 21. Rac1 Qb6+ 22. Kh2 Ba4 23. f5 Rfd8 24. f6 g6 25. Qe1 Rd7 26. Bh6 Rad8 27. Rf3 Bb5 28. Bxd5 exd5 29. Qh4 Qe6 30. Re1 d4 31. Bg5 Qe8 32. e6 fxe6 33. f7+ Rxf7 34. Rxf7 Qxf7 35. Bxd8 d3 36. Qf6 Qd7 37. Be7 Qc7+ 38. Re5 Qc2+ 39. Kg3 1-0

[Event "Titled Tuesday intern op 09th May Late"]
[Site "Chess.com INT"]
[Date "2023.05.09"]
[Round "3"]
[White "Bortnyk, Mykola"]
[Black "Bordi, Kevin Claude"]
[Result "1/2-1/2"]
[WhiteElo "2425"]
[BlackElo "2288"]
[PlyCount "69"]
[EventDate "2023.05.09"]
[EventType "swiss (blitz)"]
[EventRounds "11"]
[EventCountry "USA"]
[SourceTitle "CBM 214 Extra"]
[Source "ChessBase"]
[SourceDate "2023.07.31"]
[SourceVersion "1"]
[SourceVersionDate "2023.07.31"]
[SourceQuality "1"]

1. e4 d5 2. exd5 Qxd5 3. Nc3 Qa5 4. b4 Qxb4 5. Rb1 Qd6 6. Nf3 c6 7. d4 Nf6 8. Bd3 g6 9. 0-0 Bg7 10. Re1 0-0 11. h3 Re8 12. Bg5 Nbd7 13. Qd2 e6 14. Ne5 Qxd4 15. Nxf7 Ng4 16. hxg4 Qxc3 17. Nd6 Rf8 18. Nxc8 Raxc8 19. Qxc3 Bxc3 20. Rxe6 Nc5 21. Re7 Nxd3 22. cxd3 b5 23. Be3 a5 24. d4 b4 25. Rd1 Rfe8 26. Ra7 Ra8 27. Rc7 Rac8 28. Ra7 Ra8 29. Rb7 Reb8 30. Rc7 Rc8 31. Rb7 Rcb8 32. Rc7 Rc8 33. Rb7 Rab8 34. Ra7 Ra8 35. Rb7 1/2-1/2

[Event "Titled Tuesday intern op 29th Nov Late"]
[Site "Chess.com INT"]
[Date "2022.11.29"]
[Round "4"]
[White "Bordi, Kevin Claude"]
[Black "Araujo Sanchez, Josue"]
[Result "1-0"]
[WhiteElo "2288"]
[BlackElo "2303"]
[PlyCount "109"]
[EventDate "2022.11.29"]
[EventType "swiss (blitz)"]
[EventRounds "11"]
[EventCountry "USA"]
[SourceTitle "EXT 2024"]
[Source "ChessBase"]
[SourceDate "2023.10.10"]
[SourceVersion "1"]
[SourceVersionDate "2023.10.10"]
[SourceQuality "1"]

1. e4 c5 2. Nf3 e6 3. d4 cxd4 4. Nxd4 a6 5. h3 Nf6 6. Nc3 Bb4 7. Bd3 Qc7 8. 0-0 0-0 9. Bg5 Be7 10. a4 b6 11. Bh4 Bb7 12. Bg3 d6 13. Nb3 Nbd7 14. f4 Rfe8 15. f5 e5 16. Bf2 d5 17. exd5 Nxd5 18. Nxd5 Bxd5 19. Qe2 Qb7 20. Bg3 Bf8 21. Rad1 Nf6 22. Kh2 Ne4 23. Bh4 Bc6 24. f6 g6 25. Nd2 Nc5 26. Bc4 Nxa4 27. Rb1 b5 28. Ba2 Nc5 29. Nf3 Ne4 30. Rbe1 Rad8 31. Qe3 Qc7 32. Kh1 Rd6 33. Ng5 Nxg5 34. Bxg5 Qd8 35. Qg3 Bd5 36. Bxd5 Rxd5 37. Qh4 Qd6 38. Bh6 e4 39. Bxf8 Qxf8 40. Rxe4 Rh5 41. Qf4 Rf5 42. Rxe8 Qxe8 43. Qc1 Rxf1+ 44. Qxf1 Qe6 45. Qf4 h5 46. b4 Kh7 47. c3 Qe1+ 48. Kh2 Qxc3 49. h4 Qc4 50. Qb8 Qxh4+ 51. Kg1 Qxf6 52. Qb7 Qd4+ 53. Kh1 Kg7 54. Qxa6 Qxb4 55. Qa1+ 1-0

[Event "Titled Tuesday intern op 15th Nov Late"]
[Site "Chess.com INT"]
[Date "2022.11.15"]
[Round "7"]
[White "Bordi, Kevin Claude"]
[Black "Molenda, Marcin"]
[Result "1-0"]
[WhiteElo "2288"]
[BlackElo "2381"]
[PlyCount "57"]
[EventDate "2022.11.15"]
[EventType "swiss (blitz)"]
[EventRounds "11"]
[EventCountry "USA"]
[SourceTitle "CBM 211 Extra"]
[Source "ChessBase"]
[SourceDate "2023.01.31"]
[SourceVersion "1"]
[SourceVersionDate "2023.01.31"]
[SourceQuality "1"]

1. e4 c5 2. Nf3 e6 3. d4 cxd4 4. Nxd4 a6 5. h3 Qc7 6. Nc3 Nf6 7. g4 h6 8. Bg2 Bc5 9. Be3 d6 10. Qd2 Nbd7 11. 0-0-0 Ne5 12. Qe2 b5 13. Kb1 b4 14. Na4 Bb7 15. f4 Ned7 16. Nxc5 dxc5 17. Nb3 Nxe4 18. Bxe4 Bxe4 19. Rhe1 0-0 20. f5 exf5 21. gxf5 Bxf5 22. Rg1 a5 23. Bxh6 Bg6 24. Qe7 Ra7 25. Rxg6 Qe5 26. Rxg7+ Kh8 27. Qxe5 Nxe5 28. Rgg1 c4 29. Bxf8 1-0